| 000 | 00431nam a22001817a 4500 | ||
|---|---|---|---|
| 003 | CEME | ||
| 005 | 20210628203054.0 | ||
| 008 | 210120b xxu||||| |||| 00| 0 eng d | ||
| 020 | _a969-35-1479-3 | ||
| 040 | _c. | ||
| 082 | _a070.422 TAR | ||
| 100 |
_aTarar, Mustansar Hussian _959033 |
||
| 245 | _aBay izza kharab | ||
| 260 |
_aLAHORE _bSANG-E-MEEL PUB _c2005 |
||
| 300 | _a280 | ||
| 650 |
_aFAIZA _961097 |
||
| 942 |
_cBK _2ddc |
||
| 999 |
_c572070 _d572070 |
||